00840 a2200193 45000010006000000050017000060080041000230030015000640400040000790800027001192450057001460200022002032640044002253000019002695050299002880410008005871000025005957000026006206058520260407155857.0260407a1993 arg spa dAR-UNSa-BCEJYS aAR-UNSa-BCEJYSbspacAR-UNSa-BCEJYS a369xSeguridad social 10aLa reforma previsional argentinapOpciones y riesgos a978-950-9467-35-4 1aBuenos Aires :bMiño y Dávilac1993 a159 p.c19 cm. a1. Cuadro crítico del sistema previsional – 2. Iniciativas de reforma y posición de los principales actores – 3.El proyecto del Poder Ejecutivo (1992)– 4. Algunos resultados de la experiencia chilena – 5. Una apreciación general sobre la Reforma del Sistema Previsional Argentino aspa1 aIsuani, Ernesto Aldo1 aSan Martino, Jorge A.